000 00350nam a22001337a 4500
020 _a9780070720985
040 _cNust
082 _a512.5
_bMRI
100 _aDonald J. Wright
_9125857
245 _aIntroduction to Linear Algebra
260 _aNew York:
_bMcGraw -Hill,
_c1999.
650 _aIntroduction to Linear Algebra
_9126128
942 _2ddc
_cBK
999 _c611893
_d611893